000 01339cam a22001814a 4500
005 20250605164349.0
008 250528s ||||||||||||||||||||||||d
035 _a24097
040 _aGR-AtMCL
_bgre
_dGR-AtMCL
_eAACR2
245 1 _aΑναγκαία η Σταδιακή Μείωση των Κύριων Ασφαλιστικών Εισφορών
260 _bΕμπορικό Και Βιομηχανικό Επιμελητήριο Αθηνών,
_c2018
300 _a64
520 _aΘετικός Απολογισμός για την Επιχειρηματική Αποστολή του Ε.Β.Ε.Α. στη Ρουμανία, Η Μόρφωση και η Επαγγελματική Κατάρτιση είναι η Βάση της Ευημερίας μας, Μεσοπρόθεσμο Στασιμότητας, Οι Ευκαιρίες και οι Κίνδυνοι για την Ελληνική Οικονομία μετά την Έξοδο από τα Μνημόνια, Πώς θα Χρηματοδοτηθεί η Αναπτυξη, Ανησυχία στην Ευρωπαϊκή Βιομηχανία για το Φαινόμενο του Plain Packaging, Τρέχει η Παραχώρηση της Εγνατίας.
700 1 _aΜίχαλος Κωνσταντίνος
_94319
942 _cCR
999 _c8996
_d8996